Loading...
| Current Events | 2 | 20.00 | 100% | 100% | 0% |
| Fine Arts - Classical Music | 7 | 20.00 | 100% | 86% | 14% |
| Fine Arts - Other | 9 | 17.78 | 89% | 78% | 11% |
| Fine Arts - Painting and Sculpture | 7 | 17.14 | 100% | 57% | 14% |
| Geography | 2 | 20.00 | 100% | 100% | 0% |
| History - American | 10 | 25.00 | 100% | 100% | 50% |
| History - European | 8 | 21.25 | 100% | 88% | 25% |
| History - Other | 6 | 21.67 | 100% | 100% | 17% |
| History - World | 9 | 20.00 | 100% | 78% | 22% |
| Literature - American | 8 | 25.00 | 100% | 88% | 63% |
| Literature - British | 9 | 22.22 | 100% | 78% | 44% |
| Literature - European | 6 | 28.33 | 100% | 100% | 83% |
| Literature - World | 9 | 25.56 | 100% | 100% | 56% |
| Mythology | 7 | 20.00 | 100% | 71% | 29% |
| Other Academic | 2 | 25.00 | 100% | 100% | 50% |
| Philosophy | 8 | 21.25 | 100% | 75% | 38% |
| Popular Culture | 1 | 20.00 | 100% | 100% | 0% |
| Religion | 8 | 16.25 | 88% | 63% | 13% |
| Science - Biology | 7 | 18.57 | 100% | 57% | 29% |
| Science - Chemistry | 8 | 17.50 | 88% | 63% | 25% |
| Science - Other | 6 | 20.00 | 100% | 67% | 33% |
| Science - Physics | 6 | 15.00 | 83% | 67% | 0% |
| Social Science | 8 | 22.50 | 100% | 88% | 38% |